[Event "Luzern ol (Men)"]
[Site "Luzern"]
[Date "1982.??.??"]
[Round "4"]
[White "Kouatly, Bachar"]
[Black "Liao, Yuan Eu"]
[Result "1/2-1/2"]
[WhiteElo "2440"]
[BlackElo "2280"]

1.d4 Nf6 2.c4 e6 3.Nf3 Bb4+ 4.Bd2 a5 5.g3 d5 6.Qc2 Nc6 7.Bg2 O-O 8.O-O dxc4
9.Qxc4 Bd6 10.Bc3 Nb4 11.Nbd2 b6 12.a3 Ba6 13.Qb3 a4 14.Qd1 Nbd5 15.Re1 Qe7
16.e4 Nxc3 17.bxc3 e5 18.Qxa4 Nd7 19.Qb3 Ra7 20.a4 Rfa8 21.Bh3 Bb7 22.Nc4 Bc6
23.Bxd7 Bxd7 24.Ncxe5 Bxa4 25.Qb2 Qf6 26.Ra2 Be8 27.Rxa7 Rxa7 28.Ra1 Rxa1+
29.Qxa1 Qd8 30.Qa7 Qc8 31.c4 Be7 32.d5 Bd6 33.Qa2 f6 34.Nc6 Qg4 35.e5 fxe5
36.Nfxe5 Qe4 37.f3 Qe3+ 38.Qf2 Bc5 39.Qxe3 Bxe3+ 40.Kf1 Kf8 41.Ke2 Bc5 42.g4 Bd6
43.h3 b5 44.cxb5 Bxe5 45.Nxe5 Bxb5+ 46.Ke3 Ke7 47.h4 Be8 48.Ke4 Bb5 49.f4 Bf1
50.Kd4 Bb5 51.Nc4 c6 52.d6+ Kd7 53.Ne3 Kxd6 54.Nf5+ Ke6 55.Nxg7+ Kf7 56.Nf5 Be2
57.Ne3 Bf3 58.Ke5 Be2 59.f5 c5 60.g5 c4 61.Kd4 Bd3 62.h5 Be2 63.h6 Bd3 64.f6 Ke6
65.Nxc4 Bg6 66.Ne5 Be8 67.Ke4 Bh5 68.Kf4 Be8 69.Ke4 Bh5 70.Nf3 Bg6+ 71.Kd4 Bh5
72.Kc5 Bxf3 73.g6 Be4  1/2-1/2

[Event "Luzern ol (Men)"]
[Site "Luzern"]
[Date "1982.??.??"]
[Round "10"]
[White "Pinter, Jozsef"]
[Black "Hecht, Hans Joachim"]
[Result "1/2-1/2"]
[WhiteElo "2550"]
[BlackElo "2455"]

1.d4 e6 2.c4 Nf6 3.Nf3 Bb4+ 4.Bd2 Qe7 5.g3 Nc6 6.Bg2 Bxd2+ 7.Nbxd2 d6 8.O-O O-O
9.e4 e5 10.d5 Nd8 11.Ne1 Ng4 12.Nd3 f5 13.exf5 Bxf5 14.Qe2 Qg5 15.Be4 Bd7
16.f4 exf4 17.Nf3 Qh6 18.Nxf4 Re8 19.Rae1 Nf6 20.Qc2 Nxe4 21.Rxe4 Nf7 22.Rfe1 Ng5
23.Nxg5 Qxg5 24.Qc3 Rxe4 25.Rxe4 Rf8 26.Qd4 b6 27.Kg2 Qf5  1/2-1/2

[Event "Luzern ol (Men)"]
[Site "Luzern"]
[Date "1982.??.??"]
[Round "12"]
[White "Haik, Aldo"]
[Black "Williams, Arthur H"]
[Result "1/2-1/2"]
[WhiteElo "2415"]
[BlackElo "2390"]

1.d4 Nf6 2.c4 e6 3.Nf3 Bb4+ 4.Bd2 Qe7 5.g3 O-O 6.Bg2 Bxd2+ 7.Qxd2 d6 8.Nc3 e5
9.O-O Re8 10.Rad1 h6 11.Qc2 c6 12.dxe5 dxe5 13.Nh4 Na6 14.Ne4 Nxe4 15.Bxe4 Bh3
16.Rfe1 Rad8 17.Bh7+ Kh8 18.Bf5 Bxf5 19.Nxf5 Qe6 20.c5 Nxc5 21.Nxg7 Kxg7
22.Qxc5 Rxd1 23.Rxd1 Qxa2 24.Qb4 b5 25.Qg4+ Kf8 26.Qb4+ Kg7 27.Qg4+ Kf8 28.Qh4 Qe6
29.Qb4+ Kg7 30.Rd6 Qc4 31.Qd2 Re6 32.Rd8 Qe4 33.b4 Qb1+ 34.Kg2 Qe4+ 35.f3 Qc4
36.Ra8 Qd4 37.Qa2 e4 38.Rxa7 exf3+ 39.exf3 Qc4 40.Qb2+ Kg6 41.Qb1+ Kg7 42.Qb2+ Kg6  1/2-1/2

[Event "Manila"]
[Site "Manila"]
[Date "1982.??.??"]
[Round "?"]
[White "Torre, Eugenio"]
[Black "Maninang, Rafaelito"]
[Result "1-0"]
[WhiteElo "2535"]
[BlackElo "2380"]

1.d4 Nf6 2.c4 e6 3.Nf3 Bb4+ 4.Bd2 a5 5.g3 d5 6.Qc2 Nc6 7.Bg2 dxc4 8.Qxc4 Qd5
9.Qd3 Qe4 10.Qxe4 Nxe4 11.a3 Nxd2 12.Nbxd2 Be7 13.e3 a4 14.Rc1 Bd8 15.Ke2 Bd7
16.Rhd1 Na5 17.Ne5 Bb5+ 18.Ke1 f6 19.Nec4 Nxc4 20.Nxc4 Bxc4 21.Rxc4 c6 22.Ke2 Ke7
23.Rdc1 Ra7 24.Be4 Bc7 25.Bc2 Rha8 26.Bxh7 Rh8 27.Bc2 Rxh2 28.Rg1 Ba5 29.g4 g5
30.Rc1 Kd7 31.Be4 Bc7 32.Rh1 Rxh1 33.Bxh1 Ra6 34.Be4 Rb6 35.Rc2 Bd6 36.Kd2 Ra6
37.Rc1 Rb6 38.Kc2 e5 39.d5 cxd5 40.Bxd5 Rb5 41.Rd1 Rc5+ 42.Kb1 b5 43.Be4 Kc7
44.Rh1 Kb6 45.Rh6 Be7 46.Rh8 Kc7 47.Ra8 Bd8 48.Bf5 Rd5 49.Kc2 Kb6 50.Be4 Rd7
51.Rb8+ Ka6 52.Bd3 Bb6 53.Bf5 Rc7+ 54.Kd3 Ka7 55.Rf8 Rc6 56.Rf7+ Ka6 57.Rd7 Bc7
58.Ke4 Ba5 59.Kf3 Bc7 60.Be4 Rc1 61.Re7 Bd8 62.Re6+ Ka7 63.Rd6 Rc8 64.Bd3 Rb8
65.Ke4 b4 66.Ra6+ Kb7 67.axb4 Ra8 68.Rxa8 Kxa8 69.Bc2 Be7 70.Kf5 Bxb4 71.Kxf6 Be1
72.Kxg5 Bxf2 73.e4 Bd4 74.Kf6 Bxb2 75.Bxa4 Kb7 76.g5 Bc1 77.g6 Bh6 78.g7  1-0

[Event "Marbella zt-f"]
[Site "Marbella"]
[Date "1982.??.??"]
[Round "3"]
[White "Ligterink, Gert"]
[Black "Short, Nigel D"]
[Result "1/2-1/2"]
[WhiteElo "2455"]
[BlackElo "2430"]

1.d4 Nf6 2.c4 e6 3.Nf3 Bb4+ 4.Bd2 a5 5.g3 b6 6.Bg2 Bb7 7.O-O O-O 8.Bf4 Be7
9.Nc3 Ne4 10.Nxe4 Bxe4 11.Ne1 Bxg2 12.Nxg2 d6 13.e4 Bf6 14.Be3 e5 15.d5 Bg5
16.Qc2 Nd7 17.Rae1 Re8 18.Kh1 Rb8 19.b3 Bxe3 20.Nxe3 b5 21.cxb5 Rxb5 22.Nc4 Qa8
23.Re3 f5 24.f3 Nf6 25.Rc3 Rc5 26.Ne3 Rxc3 27.Qxc3 fxe4 28.fxe4 Qa6 29.Qc2 Qb6
30.Nf5 g6 31.Qc1 Qb4 32.Nh6+ Kg7 33.Qxc7+ Kxh6 34.Rxf6 Qxe4+ 35.Kg1 Qd4+
36.Kg2 Qxd5+ 37.Kh3 Kg5 38.Rxd6 Qf3 39.Qc1+ Kh5 40.Rf6 Qg4+ 41.Kg2 Qe4+ 42.Kg1 Rd8
43.Rf1 Rd3 44.Qe1 Re3 45.Qd1+ Qg4 46.Qxg4+ Kxg4 47.Kg2 h5 48.Rf6 Kg5 49.Rf3 Re4
50.Kf2 Rd4 51.Ke2 Kg4 52.Rf6 g5 53.Ra6 Rd5 54.Rg6 Rc5 55.h3+ Kf5 56.Rh6 Rc2+
57.Ke3 Rc3+ 58.Kf2 Ke4 59.Rxh5 Rc2+ 60.Ke1 Ke3 61.Kd1 Rxa2 62.Rxg5 Kd3 63.Ke1 e4
64.Re5 Ra3 65.h4 Rxb3 66.Rxa5  1/2-1/2

[Event "Minsk"]
[Site "Minsk"]
[Date "1982.??.??"]
[Round "?"]
[White "Dydyshko, Viacheslav"]
[Black "Balashov, Yuri S"]
[Result "1-0"]
[WhiteElo "2450"]
[BlackElo "2595"]

1.d4 Nf6 2.c4 e6 3.Nf3 Bb4+ 4.Bd2 Qe7 5.g3 O-O 6.Bg2 Bxd2+ 7.Qxd2 d6 8.Nc3 e5
9.O-O a5 10.dxe5 dxe5 11.Nd5 Nxd5 12.cxd5 Rd8 13.Rfd1 Bg4 14.Rac1 Bxf3 15.Bxf3 Ra7
16.d6 cxd6 17.Qxd6 Rxd6 18.Rc8+ Qf8 19.Rxf8+ Kxf8 20.Rxd6 Ke7 21.Rb6 Nd7
22.Rxb7 Rxb7 23.Bxb7 Kd6 24.Be4 h6 25.Kf1 Nb6 26.Bc2 Kc5 27.Bb3 f6 28.Ke1 Nc8
29.Kd2 Nd6 30.Kd3 Kb4 31.Bc2 Kc5 32.a3 Kb5 33.Kc3 Kc5 34.Bd3 Nc8 35.h4 g5
36.h5 Nd6 37.Kb3 f5 38.Ka4 e4 39.Bc2 Nc4 40.b3  1-0

[Event "Moscow-ch"]
[Site "Moscow"]
[Date "1982.??.??"]
[Round "13"]
[White "Aseev, Konstantin N"]
[Black "Rashkovsky, Nukhim N"]
[Result "0-1"]
[WhiteElo "2295"]
[BlackElo "2515"]

1.d4 Nf6 2.c4 e6 3.Nf3 Bb4+ 4.Bd2 a5 5.Qc2 d5 6.c5 b6 7.Bxb4 axb4 8.e3 bxc5
9.Qxc5 Qd6 10.Qxd6 cxd6 11.a3 Ke7 12.Nbd2 Nc6 13.Bb5 Bd7 14.Ke2 Rab8 15.a4 Na5
16.Bxd7 Kxd7 17.Rhc1 Rhc8 18.Kd3 Ng4 19.Ke2 Nc4 20.b3 Na5 21.h3 Nf6 22.Kd3 Ne4
23.Nxe4 dxe4+ 24.Kxe4 Nxb3 25.Rxc8 Rxc8 26.Rb1 Rc3 27.Kf4 h6 28.Ng1 Nc1 29.Kf3 Na2
30.Ne2 Ra3 31.Nc1 Nxc1 32.Rxc1 Rxa4 33.Rc2 Ra6 34.Ke4 Rc6 35.Rb2 Rc4 36.Kd3 d5
37.Ra2 Kc6 38.Ra7 b3 39.Ra3 Rc2 40.f4 Rxg2 41.Rxb3 Rh2 42.Ra3 Kd7  0-1

[Event "NOR-ch playoff-1pl"]
[Site "Oslo"]
[Date "1982.??.??"]
[Round "1"]
[White "Agdestein, Simen"]
[Black "Tiller, Bjorn"]
[Result "1-0"]
[WhiteElo "2280"]
[BlackElo "2420"]

1.d4 e6 2.c4 Nf6 3.Nf3 Bb4+ 4.Bd2 Qe7 5.g3 Nc6 6.Bg2 Bxd2+ 7.Nbxd2 a5 8.O-O d6
9.e4 e5 10.d5 Nb8 11.b3 Bg4 12.a3 O-O 13.b4 Na6 14.Qb3 Bxf3 15.Bxf3 axb4
16.axb4 c5 17.dxc6 bxc6 18.Rfb1 Rfb8 19.Be2 c5 20.b5 Nb4 21.Qb2 Qb7 22.f3 Nd7
23.Bf1 Nf8 24.Bh3 h5 25.Nf1 Nh7 26.Qd2 Qe7 27.Ne3 Qg5 28.Kf2 g6 29.Bd7 Qe7
30.Bc6 Rxa1 31.Rxa1 Nf6 32.Nd5 Nfxd5 33.Bxd5 Kg7 34.h4 f6 35.Kg2 g5 36.Rh1 Kg6
37.Qd1 Nxd5 38.Qxd5 Qa7 39.hxg5 Qa2+ 40.Kh3 Kxg5 41.Qxd6 Rg8 42.f4+ Kg6 43.fxe5 Qe2
44.Qxf6+ Kh7 45.Qf5+ Kh8 46.Ra1 Qg4+ 47.Qxg4 Rxg4 48.b6  1-0

[Event "Plovdiv"]
[Site "Plovdiv"]
[Date "1982.??.??"]
[Round "2"]
[White "Meduna, Eduard"]
[Black "Commons, Kim S"]
[Result "1-0"]
[WhiteElo "2480"]
[BlackElo "2460"]

1.d4 e6 2.c4 Nf6 3.Nf3 Bb4+ 4.Bd2 Qe7 5.g3 Nc6 6.Bg2 Bxd2+ 7.Nbxd2 d6 8.O-O a5
9.e4 e5 10.d5 Nb8 11.b3 c5 12.a3 Na6 13.Qc2 g6 14.Qc3 b6 15.Ne1 Nh5 16.f4 f6
17.Nd3 Bg4 18.Rf2 Bd7 19.fxe5 dxe5 20.Nf1 O-O 21.Ne3 Qd6 22.Bf3 Ng7 23.Bg4 Ne8
24.Raf1 Bxg4 25.Nxg4 Ra7 26.Ndxe5 Re7 27.Nxg6 hxg6 28.e5 Qd8 29.exf6 Ref7
30.Nh6+ Kh7 31.Nxf7 Rxf7 32.Qe5 Nd6 33.Rf4 Nf5 34.Rxf5 gxf5 35.Qxf5+ Kg8
36.Rf4 Kf8 37.Qh5  1-0

[Event "Plovdiv"]
[Site "Plovdiv"]
[Date "1982.??.??"]
[Round "4"]
[White "Inkiov, Ventzislav"]
[Black "Osnos, Viatcheslav"]
[Result "1-0"]
[WhiteElo "2475"]
[BlackElo "2455"]

1.d4 Nf6 2.c4 e6 3.Nf3 Bb4+ 4.Bd2 a5 5.Nc3 d6 6.e3 Nbd7 7.Bd3 e5 8.Bc2 exd4
9.exd4 O-O 10.O-O Re8 11.Re1 Rxe1+ 12.Qxe1 c6 13.h3 Nf8 14.Bg5 Be6 15.a3 Bxc3
16.Qxc3 h6 17.Bh4 Ng6 18.Bg3 Nh5 19.Bxg6 fxg6 20.Nd2 Nf6 21.Re1 Bf7 22.c5 dxc5
23.dxc5 Qd5 24.Re7 Rd8 25.Bd6 Ne8 26.Re5 Qa2 27.Qxa5 Qa1+ 28.Kh2 Rc8 29.Qb4 Qc1
30.Nf3 Nxd6 31.cxd6 Rd8 32.Re7 c5 33.Qg4 Qd1 34.Rxf7  1-0

[Event "Plovdiv"]
[Site "Plovdiv"]
[Date "1982.??.??"]
[Round "9"]
[White "Popov, Luben"]
[Black "Commons, Kim S"]
[Result "1-0"]
[WhiteElo "2435"]
[BlackElo "2460"]

1.d4 Nf6 2.c4 e6 3.Nf3 Bb4+ 4.Bd2 Qe7 5.g3 Bxd2+ 6.Qxd2 Ne4 7.Qc2 f5 8.Bg2 O-O
9.O-O d6 10.Nc3 Nxc3 11.Qxc3 Nd7 12.Rfe1 Nf6 13.Nd2 e5 14.dxe5 Qxe5 15.Qxe5 dxe5
16.e4 Rd8 17.Rad1 fxe4 18.Nxe4 Bg4 19.Rxd8+ Rxd8 20.h3 Bf5 21.Nc3 Re8 22.Nb5 e4
23.Nxc7 Rd8 24.g4 Bg6 25.Nd5 Nxd5 26.Rd1 Kf7 27.f4 exf3 28.Bxf3 Kf6 29.Bxd5 b5
30.cxb5 Ke5 31.Bf3 Rxd1+ 32.Bxd1 Kd4 33.Kf2 Bd3 34.a4 g5 35.Be2 Bc2 36.a5 Kc5
37.b4+ Kd6 38.Kg3 Be4 39.h4 h6 40.h5 Bd5 41.Kf2  1-0

[Event "Plovdiv"]
[Site "Plovdiv"]
[Date "1982.??.??"]
[Round "9"]
[White "Velikov, Petar"]
[Black "Osnos, Viatcheslav"]
[Result "1/2-1/2"]
[WhiteElo "2485"]
[BlackElo "2455"]

1.d4 Nf6 2.Nf3 e6 3.c4 Bb4+ 4.Bd2 Qe7 5.g3 Nc6 6.Bg2 Bxd2+ 7.Nbxd2 d6 8.O-O O-O
9.e4 e5 10.d5 Nb8 11.Ne1 a5 12.Nd3 Na6 13.Qc2 c6 14.Qc3 cxd5 15.cxd5 Bd7
16.Rfc1 Bb5 17.Bf1 Bxd3 18.Qxd3 Nc5 19.Qe3 Ng4 20.Qe2 Nh6 21.Nb3 b6 22.Nxc5 bxc5
23.Bh3 Rfb8 24.Rc4 g6 25.Rac1 Kg7 26.R1c3 Ng8 27.Ra3 Nf6 28.Rca4 Qd8 29.Bf1 Rb4
30.Rxb4 cxb4 31.Rd3 Rc8 32.Rd2 Qc7 33.f3 Qc5+ 34.Kg2 g5 35.Qf2 Qc1 36.Bd3  1/2-1/2

[Event "Randers zt-B"]
[Site "Randers"]
[Date "1982.??.??"]
[Round "7"]
[White "Gutman, Lev"]
[Black "Karlsson, Lars"]
[Result "0-1"]
[WhiteElo "2450"]
[BlackElo "2500"]

1.d4 Nf6 2.c4 e6 3.Nf3 Bb4+ 4.Bd2 Qe7 5.g3 Nc6 6.Bg2 e5 7.dxe5 Nxe5 8.Nxe5 Bxd2+
9.Qxd2 Qxe5 10.Nc3 O-O 11.O-O Re8 12.Rac1 Rb8 13.Rfd1 a6 14.Bf3 b5 15.cxb5 axb5
16.Nd5 Nxd5 17.Bxd5 c6 18.Bf3 b4 19.Rc4 Qb5 20.Qf4 Rb6 21.Rd6 Qa5 22.Be4 g6
23.Bd3 c5 24.Rd5 b3 25.axb3 Qe1+ 26.Kg2 Bb7 27.Rxc5 d6 28.Kh3 Qf1+ 29.Kg4 dxc5
30.Rd7 Rb4 31.e4 Qd1+  0-1

[Event "Reykjavik op"]
[Site "Reykjavik"]
[Date "1982.??.??"]
[Round "?"]
[White "Petursson, Margeir"]
[Black "Hjartarson, Johann"]
[Result "0-1"]
[WhiteElo "2415"]
[BlackElo "2425"]

1.d4 Nf6 2.c4 e6 3.Nf3 Bb4+ 4.Bd2 Qe7 5.g3 Nc6 6.Bg2 Bxd2+ 7.Nbxd2 a5 8.e4 d6
9.O-O e5 10.d5 Nb8 11.Ne1 h5 12.Nd3 h4 13.Rc1 b6 14.Re1 g6 15.Qa4+ Bd7 16.Qa3 Na6
17.b4 hxg3 18.hxg3 axb4 19.Nxb4 O-O 20.Nxa6 Bc8 21.c5 bxc5 22.Bf1 Ra7 23.Rb1 Bxa6
24.Rb5 Raa8 25.Ra5 Bb7 26.Rb1 c6 27.Ra7 cxd5 28.Qa5 Bc6 29.Rxe7 Rxa5 30.Rc7 Ba8
31.exd5 Rxa2 32.Nc4 Ne4 33.Rd7 Bxd5  0-1

[Event "Sarajevo"]
[Site "Sarajevo"]
[Date "1982.??.??"]
[Round "?"]
[White "Kurajica, Bojan"]
[Black "Cekro, Ekrem"]
[Result "1-0"]
[WhiteElo "2510"]
[BlackElo "2330"]

1.d4 Nf6 2.Nf3 e6 3.c4 Bb4+ 4.Bd2 a5 5.g3 b6 6.Bg2 Bb7 7.O-O O-O 8.Bg5 Be7
9.Nc3 Ne4 10.Bxe7 Qxe7 11.Rc1 d6 12.d5 Nxc3 13.Rxc3 e5 14.e4 Nd7 15.b3 f5
16.exf5 Rxf5 17.Re3 Qd8 18.Bh3 Rf8 19.Be6+ Kh8 20.h4 Nf6 21.Ng5 Qe8 22.f4 h6
23.fxe5 dxe5 24.Nh3 c6 25.Rxe5 cxd5 26.Nf4 dxc4 27.Qb1 Be4 28.Rxe4 g5 29.hxg5 hxg5
30.Qb2 c3 31.Qxc3  1-0

[Event "URS-ch sf"]
[Site "Severodonetsk"]
[Date "1982.??.??"]
[Round "?"]
[White "Sideif Sade, Fikret I"]
[Black "Savon, Vladimir A"]
[Result "1/2-1/2"]
[WhiteElo "2355"]
[BlackElo "2485"]

1.d4 Nf6 2.c4 e6 3.Nf3 Bb4+ 4.Bd2 Qe7 5.g3 Nc6 6.Bg2 Bxd2+ 7.Nbxd2 d6 8.e4 a5
9.O-O e5 10.d5 Nb8 11.c5 O-O 12.cxd6 cxd6 13.Ne1 Na6 14.Nd3 Bd7 15.Nc4 Bb5
16.Rc1 Nd7 17.Qb3 Bxc4 18.Qxc4  1/2-1/2

[Event "URS-ch sf"]
[Site "Severodonetsk"]
[Date "1982.??.??"]
[Round "?"]
[White "Dolmatov, Sergey"]
[Black "Vitolinsh, Alvis"]
[Result "1-0"]
[WhiteElo "2590"]
[BlackElo "2470"]

1.d4 Nf6 2.Nf3 e6 3.c4 Bb4+ 4.Bd2 c5 5.Bxb4 cxb4 6.g3 O-O 7.Bg2 a5 8.O-O d6
9.Nbd2 Qe7 10.Ne1 e5 11.Nc2 exd4 12.Nxd4 Na6 13.h3 Rd8 14.e3 d5 15.Rc1 Nc5
16.Qc2 Ne6 17.Nf5 Qf8 18.cxd5 Nxd5 19.Rfd1 Nf6 20.Nc4 Rxd1+ 21.Qxd1 Ng5 22.h4 Nge4
23.Nd4 Bd7 24.Nb6 Rd8 25.Qc2 Nd6 26.Qc5 Nde4 27.Qxa5 Qe8 28.Re1 Qe7 29.a3 bxa3
30.Qxa3 Qe5 31.Nxd7 Nxd7 32.b4 Ndf6 33.Qa5 Qe7 34.Nf5 Qd7 35.Rf1 g6 36.Nd4 Rc8
37.Qe5 Re8 38.Qa5 Qd6 39.b5 Qc5 40.Qa1 Rc8 41.Qb2 Qc4 42.Bf3 h5 43.Kg2 Qc3
44.Qxc3 Rxc3 45.Ra1 Rd3 46.Ra2 b6 47.Bxe4 Nxe4 48.Kf3 Nc5 49.Kf4 Rc3 50.Ke5 Nd7+
51.Kd6 Nf6 52.Rc2 Ne4+ 53.Kd7 Rxc2 54.Nxc2 Nxf2 55.Kc6 Ne4 56.Kxb6 Nxg3 57.Kc6 Nf5
58.b6  1-0

[Event "Smederevska Palanka"]
[Site "Smederevska Palanka"]
[Date "1982.??.??"]
[Round "5"]
[White "Barlov, Dragan"]
[Black "Nikolic, Zivoslav"]
[Result "0-1"]
[WhiteElo "2405"]
[BlackElo "2430"]

1.Nf3 Nf6 2.c4 e6 3.d4 Bb4+ 4.Bd2 a5 5.Qc2 d6 6.Nc3 Nbd7 7.e3 e5 8.Be2 O-O
9.O-O Re8 10.a3 Bxc3 11.Bxc3 exd4 12.exd4 Ne4 13.Bd3 Ndf6 14.b4 Nxc3 15.Qxc3 b6
16.d5 Bd7 17.Nd4 Qc8 18.Qc2 Re5 19.Nf3 Re7 20.Rae1 Rxe1 21.Rxe1 axb4 22.axb4 Qb7
23.Nd4 Qa7 24.h3 Qa4 25.Qd2 Re8 26.Rb1 h6 27.Bf5 Bxf5 28.Nxf5 Ne4 29.Qd4 Re5
30.Ra1 Qxb4 31.f4 Nc3 32.Ra8+ Kh7 33.Ng3 Qb1+ 34.Kh2 Ne2 35.Qf2 Re7 36.Nxe2 Qc2
37.Qf3 Rxe2 38.Qg3 f5 39.Qf3 Qxc4 40.Rf8 Qe4 41.Qxe4 Rxe4 42.Kg3 b5 43.Rb8 b4
44.Kf3 Rd4 45.Rb5 Rc4 46.g4 Rc5 47.Rxb4 Rxd5 48.Rb7 fxg4+ 49.hxg4 Rc5 50.Rb8 Rc3+
51.Ke4 Rc4+ 52.Kf3 d5 53.f5 g6 54.Rd8 gxf5 55.gxf5 c6 56.Rd7+ Kg8 57.Kg3 h5
58.Kf3 h4 59.f6 Kf8 60.Rc7 c5 61.Rh7 Rd4 62.Rd7 h3 63.Rh7 c4 64.Ke3 Re4+
65.Kd2 Rf4 66.Rxh3 Kf7 67.Kc3 Kxf6 68.Rg3 Ke5  0-1

[Event "Smederevska Palanka"]
[Site "Smederevska Palanka"]
[Date "1982.??.??"]
[Round "6"]
[White "Rajkovic, Dusan"]
[Black "Stean, Michael"]
[Result "1/2-1/2"]
[WhiteElo "2460"]
[BlackElo "2505"]

1.d4 Nf6 2.c4 e6 3.Nf3 Bb4+ 4.Bd2 a5 5.g3 b6 6.Bg2 Bb7 7.O-O O-O 8.Nc3 d6
9.Nh4 Bxg2 10.Nxg2 Nbd7 11.Qc2 e5 12.d5 Nc5 13.Be3 Bxc3 14.Qxc3 Ng4 15.Bd2 f5
16.f3 Nf6 17.b3 Qe8 18.Be3 Nfd7 19.a3 a4 20.b4 Nb3 21.Rad1 Nf6 22.Ne1 f4
23.Bf2 g5 24.Nd3 Qg6 25.Nc1 Nxc1 26.Rxc1 fxg3 27.Bxg3 g4 28.Rf2 gxf3 29.exf3 Kh8
30.Rg2 Qf5 31.Rf1 Ne4  1/2-1/2

[Event "Varna"]
[Site "Varna"]
[Date "1982.??.??"]
[Round "9"]
[White "Peev, Peicho Chonev"]
[Black "Knezevic, Milorad"]
[Result "1/2-1/2"]
[WhiteElo "2370"]
[BlackElo "2465"]

1.d4 Nf6 2.c4 e6 3.Nf3 Bb4+ 4.Bd2 Qe7 5.g3 Nc6 6.Bg2 Bxd2+ 7.Nbxd2 d6 8.O-O O-O
9.Qc2 h6 10.a3 a5 11.b3 e5 12.d5 Nb8 13.e4 Na6 14.Ne1 Bd7 15.Nd3 c6 16.Rfe1  1/2-1/2

[Event "JUG-ch"]
[Site "Vrbas"]
[Date "1982.??.??"]
[Round "?"]
[White "Cvitan, Ognjen"]
[Black "Sines, J."]
[Result "1/2-1/2"]
[WhiteElo "2430"]
[BlackElo "2355"]

1.d4 Nf6 2.c4 e6 3.Nf3 Bb4+ 4.Bd2 a5 5.g3 O-O 6.Bg2 d5 7.a3 Bxd2+ 8.Nbxd2 Nbd7
9.Qc2 c6 10.e4 dxe4 11.Nxe4 Nxe4 12.Qxe4 c5 13.O-O Qb6 14.Rab1 a4 15.Rfd1 Ra5
16.Qc2 Nf6 17.dxc5 Qxc5 18.Nd2 Qh5 19.Ne4 Nxe4 20.Qxe4 Qc5 21.Rd2 Qc7 22.Rbd1 Re5
23.Bf1 g6 24.Qh4 h5 25.Qd4 Rc5 26.Qd6 Kg7  1/2-1/2

[Event "JUG-ch"]
[Site "Vrbas"]
[Date "1982.??.??"]
[Round "?"]
[White "Cvitan, Ognjen"]
[Black "Cebalo, Miso"]
[Result "1/2-1/2"]
[WhiteElo "2430"]
[BlackElo "2495"]

1.d4 Nf6 2.c4 e6 3.Nf3 Bb4+ 4.Bd2 a5 5.g3 b6 6.Bg2 Ba6 7.Ne5 Ra7 8.O-O O-O
9.Qc2 Be7 10.Re1 d6 11.Nd3 c5 12.dxc5 bxc5 13.Na3 Nbd7 14.b3  1/2-1/2

[Event "JUG-ch"]
[Site "Vrbas"]
[Date "1982.??.??"]
[Round "?"]
[White "Kelecevic, Nedeljko"]
[Black "Ivkov, Borislav"]
[Result "1/2-1/2"]
[WhiteElo "2390"]
[BlackElo "2480"]

1.d4 Nf6 2.c4 e6 3.Nf3 Bb4+ 4.Bd2 Qe7 5.g3 Bxd2+ 6.Qxd2 d6 7.Nc3 O-O 8.Bg2 e5
9.O-O Re8 10.e4 Bg4 11.d5 Bxf3 12.Bxf3 a5 13.Nb5 Rd8 14.b3 c6 15.Nc3 Na6
16.Bg2 Nc5 17.Qe2 Qc7  1/2-1/2

[Event "Vrnjacka Banja"]
[Site "Vrnjacka Banja"]
[Date "1982.??.??"]
[Round "6"]
[White "Rajkovic, Dusan"]
[Black "Nikolic, Zivoslav"]
[Result "1/2-1/2"]
[WhiteElo "2460"]
[BlackElo "2430"]

1.d4 Nf6 2.c4 e6 3.Nf3 Bb4+ 4.Bd2 a5 5.e3 O-O 6.Bd3 d5 7.Nc3 dxc4 8.Bxc4 b6
9.O-O Bxc3 10.Bxc3 Bb7 11.Qe2 Nbd7 12.Rfd1 Qe7 13.Rac1 Rfc8 14.h3 Ne4 15.Nd2 Nd6
16.Bd3 c5 17.e4 cxd4 18.Bxd4 Nc5 19.Qe3 Nxd3 20.Qxd3 Qd8 21.Qe3 Rxc1 22.Rxc1 Rc8
23.Rxc8 Nxc8 24.f3 f6 25.Qc3 Ba6 26.Be3 Qd3 27.Qxd3 Bxd3  1/2-1/2

[Event "Hoogovens-B"]
[Site "Wijk aan Zee"]
[Date "1982.??.??"]
[Round "2"]
[White "Davies, Nigel R"]
[Black "Kindermann, Stefan"]
[Result "0-1"]
[WhiteElo "2410"]
[BlackElo "2410"]

1.d4 Nf6 2.Nf3 e6 3.c4 Bb4+ 4.Bd2 a5 5.Nc3 O-O 6.e3 d6 7.Bd3 e5 8.dxe5 dxe5
9.Qc2 Nbd7 10.O-O-O Bxc3 11.Bxc3 Qe7 12.Ng5 h6 13.h4 Re8 14.Bh7+ Kf8 15.Bf5 hxg5
16.hxg5 Ng8 17.Rh8 g6 18.Bxd7 Bxd7 19.Qe4 Bc6 20.Qh4 Qe6 21.f4 Qxc4 22.Qh7 Qxa2
23.Rxg8+ Ke7 24.Rxe8+ Rxe8 25.Rd3 Be4 26.Qg7 Bxd3 27.Qxe5+ Qe6 28.Qxc7+ Kf8  0-1

[Event "Hoogovens-B"]
[Site "Wijk aan Zee"]
[Date "1982.??.??"]
[Round "5"]
[White "Van der Sterren, Paul"]
[Black "Iskov, Gert"]
[Result "1/2-1/2"]
[WhiteElo "2470"]
[BlackElo "2380"]

1.d4 Nf6 2.c4 e6 3.Nf3 Bb4+ 4.Bd2 Qe7 5.g3 Nc6 6.Bg2 Bxd2+ 7.Nbxd2 d6 8.O-O e5
9.d5 Nb8 10.e4 a5 11.Ne1 O-O 12.Nc2 Na6 13.Ne3 Nc5 14.b3 g6 15.a3 Nh5 16.Rc1 Qg5
17.b4 Na6 18.Qb3 b6 19.Nf3 Qh6 20.c5 bxc5 21.b5 Nb8 22.b6 Ba6 23.Rfe1 Nd7
24.bxc7 Rfc8 25.Qa4 Rxc7 26.Qxa5 Rca7 27.Qc3 Qf8  1/2-1/2

[Event "Yerevan zt"]
[Site "Yerevan"]
[Date "1982.??.??"]
[Round "1"]
[White "Gavrikov, Viktor"]
[Black "Vaganian, Rafael A"]
[Result "1/2-1/2"]
[WhiteElo "2430"]
[BlackElo "2550"]

1.d4 Nf6 2.c4 e6 3.Nf3 Bb4+ 4.Bd2 Qe7 5.g3 Nc6 6.Nc3 O-O 7.Bg2 Bxc3 8.Bxc3 Ne4
9.Rc1 d6 10.d5 Nb8 11.dxe6 fxe6 12.O-O Nd7 13.Be1 a5 14.Nd4 Ndc5 15.Qc2 Ng5
16.Nb3 Nxb3 17.Qxb3 Ra7 18.Qe3 b6 19.Bc3 Nf7 20.b3 Nh6 21.Rcd1 e5 22.Qd3 Bf5
23.Be4 Kh8 24.Bxf5 Rxf5 25.Qe4 Rf7 26.e3 Ng8 27.f4 Nf6 28.Qd3 e4 29.Bxf6 Rxf6
30.Qd5 Re6 31.Qc6 Qe8 32.Qxe8+ Rxe8 33.a4 Raa8 34.g4 g6 35.Kg2 Kg7 36.Kg3 Re7
37.Rd5 Rae8 38.h4 Re6 39.f5 Re5 40.fxg6 hxg6 41.Rd2 R8e7 42.Rf4 g5 43.hxg5 Rxg5
44.Rdf2 Rg6 45.Rf5 Rh6 46.Rf1 Kg6 47.Rf6+ Kg7 48.Rxh6 Kxh6 49.Rf5 Kg6 50.Kf4 Re8
51.Rg5+ Kf6 52.Rd5 Re7 53.Rd4 Rh7 54.Kxe4 Ke6 55.Kf4 Rh1 56.Re4+ Kf7 57.g5 Rf1+
58.Kg4 Rg1+ 59.Kf5 Rg3 60.Rh4 Kg7 61.Kf4 Rg1 62.Rh3 Rf1+ 63.Rf3 Rd1 64.Kg4 Rb1
65.e4 Kg6 66.e5 dxe5 67.Rf6+ Kg7 68.Rc6 Rxb3 69.Rxc7+ Kf8 70.Kf5 Rf3+ 71.Kxe5 Re3+
72.Kf6 Rf3+ 73.Kg6 Ra3 74.Rb7 Rc3 75.Kf6 Rf3+ 76.Ke5 Re3+ 77.Kd5 Rg3 78.Kc6 Rxg5
79.Kxb6 Rg6+ 80.Kxa5 Ke8 81.Rc7 Kd8 82.Rc5 Kd7 83.Kb5 Rg1 84.a5 Rb1+ 85.Ka6 Rb4
86.Ka7 Kd6 87.Rb5 Rxc4 88.Kb7 Rc7+ 89.Kb8 Rh7 90.a6 Kc6 91.Rb1 Rh8+ 92.Ka7 Rh7+
93.Ka8 Rh8+ 94.Rb8 Rh7 95.a7 Rg7  1/2-1/2

[Event "Yerevan"]
[Site "Yerevan"]
[Date "1982.??.??"]
[Round "4"]
[White "Petrosian, Arshak B"]
[Black "Savon, Vladimir A"]
[Result "1/2-1/2"]
[WhiteElo "2485"]
[BlackElo "2485"]

1.d4 Nf6 2.c4 e6 3.Nf3 Bb4+ 4.Bd2 Qe7 5.g3 Nc6 6.Nc3 d5 7.cxd5 exd5 8.Bg2 O-O
9.O-O h6 10.Bf4 Rd8 11.Rc1 Ne4 12.Na4 Bd6 13.Bxd6 Rxd6 14.Nc5 Nxc5 15.Rxc5 Nd8
16.Qc2 c6 17.e3 Ne6 18.Rc3 Ng5 19.Ne5 Ne4 20.Ra3  1/2-1/2

[Event "Yerevan zt"]
[Site "Yerevan"]
[Date "1982.??.??"]
[Round "7"]
[White "Dorfman, Josif D"]
[Black "Kuzmin, Gennadi P"]
[Result "1/2-1/2"]
[WhiteElo "2510"]
[BlackElo "2545"]

1.d4 Nf6 2.c4 e6 3.Nf3 Bb4+ 4.Bd2 Qe7 5.g3 Bxd2+ 6.Qxd2 d6 7.Nc3 Nc6 8.Bg2 O-O
9.O-O e5 10.Nd5 Qd8 11.Rfd1 Re8 12.dxe5 Nxe5 13.Nxe5 dxe5 14.Qg5 c6 15.Nxf6+ Qxf6
16.Qxf6 gxf6 17.b4 Be6 18.b5 Rac8 19.bxc6 bxc6 20.Rac1 c5 21.Bd5 Red8 22.Kf1 Rb8
23.Bxe6 fxe6 24.Rxd8+ Rxd8 25.Ke1 Rd6 26.Rc3 Ra6 27.a3 Kf7 28.Kd2 h5 29.Kc2  1/2-1/2

[Event "BRA-ch 50th"]
[Site "Sao Paulo"]
[Date "1983.05.??"]
[Round "11"]
[White "Camara, Helder"]
[Black "Sunye Neto, Jaime"]
[Result "0-1"]
[WhiteElo "2330"]
[BlackElo "2480"]

1.d4 Nf6 2.c4 e6 3.Nf3 Bb4+ 4.Bd2 a5 5.Nc3 b6 6.g3 Ba6 7.b3 d5 8.cxd5 exd5
9.Bg2 O-O 10.O-O c5 11.dxc5 bxc5 12.Na4 Re8 13.Re1 Nbd7 14.e3 Rc8 15.a3 Bxd2
16.Qxd2 Bb7 17.Red1 Bc6 18.Nc3 Qb6 19.Rdb1 Rcd8 20.Ne1 d4 21.exd4 Bxg2 22.Nxg2 Ne5
23.Ne1 cxd4 24.Na4 Qb5 25.f3 Qd5 26.Kf2 Nxf3  0-1

[Event "Albena"]
[Site "Albena"]
[Date "1983.??.??"]
[Round "?"]
[White "Van der Sterren, Paul"]
[Black "Gipslis, Aivars"]
[Result "1/2-1/2"]
[WhiteElo "2445"]
[BlackElo "2475"]

1.d4 Nf6 2.c4 e6 3.Nf3 Bb4+ 4.Bd2 Qe7 5.g3 Nc6 6.Bg2 Bxd2+ 7.Nbxd2 d6 8.O-O a5
9.e4 O-O 10.e5 dxe5 11.dxe5 Nd7 12.Qe2 Nc5 13.Rad1 Bd7 14.h4 Rfd8 15.h5 h6
16.g4 Be8 17.Ne4 Rxd1 18.Rxd1 Rd8 19.Rxd8 Nxd8 20.Nfd2 Nc6 21.f4 Nxe4 22.Nxe4 Qd8
23.Qd2 Qxd2 24.Nxd2 b6 25.a3 f6 26.exf6 gxf6 27.Kf2 Nd4 28.c5 f5 29.cxb6 cxb6
30.gxf5 Bxh5 31.fxe6 Nxe6 32.Ke3 Nc5 33.Nc4 Na4 34.b3 Bf7 35.Kd4 Nc5 36.b4 axb4
37.axb4 Ne6+ 38.Ke5 Nxf4 39.Bf1 Nd5 40.b5 h5 41.Bg2 h4 42.Nxb6 Nxb6 43.Kf5 Nc4
44.Kg5  1/2-1/2